000 00622nam a2200181Ia 4500
008 100920s9999 xx 000 0 und d
082 _b104249
_a891.43 न 07
100 _aगडबड शंकरमुनी राय.
245 _aभारतीय धर्म दर्शन.
260 _bपंकज बुक्स , दिल्ली.
_c2007
300 _a112
_bसाधी
365 _b150
520 _aहिंदी.
630 _aभारतीय धर्म दर्शन.
650 _aहिंदी.
730 _aभारतीय धर्म दर्शन.
942 _cBOOK
999 _c744681
_d744678